=LDR 00000nam 2200000 4500 =001 INLIS000000000017145 =005 20140725110421.0 =006 =007 =008 Ind =035 ##$$a 0010-061300000017145 =041 ##$$a Ind =082 ##$$a 657.076 =090 ##$$a 657.076, Mod m =245 ##$$a Modul laboratorium pengantar akuntansi 2 =260 ##$$a [19...?] $b Jakarta =300 ##$$a 65 hlm, 29 cm =650 ##$$a Akuntansi-Kertas Kerja =850 ##$$a NBPNMAT